Culture Générale - Série 532 - Statistiques

Statistiques générales
  • Ce quiz a été pris 251 fois
  • Le résultat moyen est 7 sur 10
Statistiques - réponses
Question Réponse % Correct
Dans la nuit du 15 avril 1912, quel paquebot lance le premier SOS de l'histoire ? Le Titanic
98%
En cuisine, à quel condiment l'adjectif balsamique est-il généralement associé ? vinaigre
97%
Quel aliment, généralement cristallisé, cherche-t-on à remplacer en consommant de l'aspartame ? sucre
96%
Quel astre est mort selon le titre d'une chanson de Nicoletta en 1968 ? soleil
91%
Quel petit garçon dort dans la même chambre que Pimprenelle dans l'émission télévisée "Bonne nuit les petits" ? Nicolas
77%
Quel type de lait retrouve-t-on parmi les ingrédients qui composent traditionnellement la pina colada ? lait de coco
73%
Quelle glace au café, surmontée de chantilly, évoque par son nom une ville belge ? café liégeois
63%
Qu'est ce qui vient à la bouche de Serge Gainsbourg selon le titre d'une chanson de 1960 ? L'eau
60%
Dans la cuisine provençale, quel gratin de légumes porte le nom du plat en terre cuite dans lequel il cuit ? tian
49%
En 1999, quel pétrolier provoque une marée noire touchant 400 kilomètres de côtes françaises ? L'Erika
40%
Aucun quiz correspondant
Distribution des résultats
% des personnes avec chaque résultat
Percentile par nombre de réponses
Votre historique - résultats
Vous n’avez pas pris ce quiz